Đức Huệ lịch sử, truyền thống 30 năm đấu tranh cách mạng 1945 - 1975
में बचाया:
| निगमित लेखक: | |
|---|---|
| स्वरूप: | पुस्तक |
| भाषा: | English Vietnamese |
| प्रकाशित: |
Long An
2000
|
| विषय: | |
| टैग : |
टैग जोड़ें
कोई टैग नहीं, इस रिकॉर्ड को टैग करने वाले पहले व्यक्ति बनें!
|
| Thư viện lưu trữ: | Trung tâm Học liệu Lê Vũ Hùng, Trường Đại học Đồng Tháp |
|---|
| LEADER | 00749pam a22002178a 4500 | ||
|---|---|---|---|
| 001 | 00041589 | ||
| 008 | 170505s1996 ||||||engsd | ||
| 005 | 20180615080615.0 | ||
| 041 | 0 | # | |a vie |
| 082 | 0 | 4 | |a 324.259 707 52 |b Đ552H |
| 110 | 1 | # | |a Ban chấp hành đảng bộ huyện Đức Huệ |
| 245 | 1 | 0 | |a Đức Huệ lịch sử, truyền thống 30 năm đấu tranh cách mạng |b 1945 - 1975 |
| 260 | # | # | |b Long An |c 2000 |
| 300 | # | # | |a 199 tr. |c 21 cm. |
| 653 | # | # | |a Cách Mạng |
| 653 | # | # | |a Kế sách |
| 653 | # | # | |a Lịch sử Đảng |
| 653 | # | # | |a Đức Huệ |
| 852 | # | # | |j KM.0025922 |j KD.0023814 |
| 910 | |d 14/06/2018 | ||
| 980 | # | # | |a Trung tâm Học liệu Lê Vũ Hùng, Trường Đại học Đồng Tháp |